[Event "CAMPEONATO DE ESPAÑA ABSOLUTO"]
[Site "EL SAUZAL - TENERIFE - ISLAS CANARIAS"]
[Date "2010.09.09"]
[Round "6"]
[Board "37"]
[White "Gutierrez Olivares, Daniel"]
[Black "Marrero Lopez, Agustin"]
[Result "1-0"]
[WhiteElo "2175"]
[BlackElo "1859"]
[PlyCount "115"]
[EventDate "2010.09.04"]
[EventRounds "9"]
[EventCountry "ESP"]

1.e4 e5 2.Nf3 Nc6 3.d4 exd4 4.Nxd4 Bc5 5.Nb3 Bb6 6.a4 a6 7.Nc3 d6 8.a5 Ba7 9.Be2
Nge7 10.Bg5 f6 11.Bh4 O-O 12.Qd2 Be6 13.Nd5 Ng6 14.Bg3 f5 15.exf5 Bxf5 16.O-O-O
Kh8 17.h4 Be6 18.h5 Nge5 19.h6 Qd7 20.f3 g6 21.Qc3 Bxd5 22.Rxd5 Qf7 23.Rhd1 Qf6
24.Nd2 Nd7 25.Qa3 Bc5 26.Qb3 Nd4 27.Qd3 Nxe2+ 28.Qxe2 Rae8 29.Ne4 Qf7 30.Qd3 Ba7
31.Qc3+ Nf6 32.Bh4 Re6 33.Re1 Kg8 34.Nxf6+ Rxf6 35.Qxf6 Qxf6 36.Bxf6 Rxf6
37.Re8+ Rf8 38.Re7 Rf7 39.Rxf7 Kxf7 40.Rd3 b5 41.axb6 Bxb6 42.f4 Ke6 43.g4 a5
44.Kd2 Bg1 45.Ke2 Bb6 46.Kf3 Bc5 47.c4 Bb6 48.Rd1 Bc5 49.Re1+ Kf7 50.Ke4 Bb4
51.Rf1 c6 52.f5 g5 53.f6 Bd2 54.Kf5 Bf4 55.Re1 Be5 56.Rxe5 dxe5 57.Kxe5 c5 58.b3
 1-0

[Event "CAMPEONATO DE ESPAÑA ABSOLUTO"]
[Site "EL SAUZAL - TENERIFE - ISLAS CANARIAS"]
[Date "2010.09.09"]
[Round "6"]
[Board "38"]
[White "Garcia Rodriguez, Sara"]
[Black "Herrera Reyes, Jose Antonio"]
[Result "1-0"]
[WhiteElo "1869"]
[BlackElo "2145"]
[PlyCount "87"]
[EventDate "2010.09.04"]
[EventRounds "9"]
[EventCountry "ESP"]

1.d4 d5 2.c4 c6 3.cxd5 cxd5 4.Nc3 e6 5.Nf3 a6 6.Bf4 Nf6 7.e3 Be7 8.Bd3 Nc6 9.Rc1
O-O 10.O-O b6 11.Bb1 Bb7 12.Ne5 Rc8 13.a3 Bd6 14.Qd3 g6 15.Nxc6 Rxc6 16.Bg5
Bxh2+ 17.Kxh2 Ng4+ 18.Kg3 f6 19.Bf4 e5 20.dxe5 fxe5 21.Qxd5+ Qxd5 22.Nxd5 Rxc1
23.Ne7+ Kg7 24.Rxc1 exf4+ 25.Kxg4 fxe3 26.fxe3 Rf2 27.Rc2 Rf7 28.Nc8 Be4 29.Rc1
Bxg2 30.Nxb6 Rb7 31.Na4 Re7 32.Kf4 Kf6 33.e4 g5+ 34.Ke3 g4 35.Rc6+ Kg5 36.Rxa6
h5 37.Nc5 Bf1 38.Bd3 Bxd3 39.Nxd3 h4 40.Ra5+ Kh6 41.Nf4 h3 42.Rh5+ Kg7 43.Rg5+
Kh8 44.Ng6+ 1-0

[Event "CAMPEONATO DE ESPAÑA ABSOLUTO"]
[Site "EL SAUZAL - TENERIFE - ISLAS CANARIAS"]
[Date "2010.09.09"]
[Round "6"]
[Board "39"]
[White "Perez Celis, Alba"]
[Black "Villavicencio Martinez, Carlos"]
[Result "0-1"]
[WhiteElo "1819"]
[BlackElo "2123"]
[PlyCount "70"]
[EventDate "2010.09.04"]
[EventRounds "9"]
[EventCountry "ESP"]

1.e4 c5 2.Nf3 a6 3.c4 e6 4.d4 cxd4 5.Nxd4 Nf6 6.Nc3 Qc7 7.a3 b6 8.Be3 Bb7 9.f3
d6 10.Be2 Be7 11.O-O Nbd7 12.Rc1 Rc8 13.b4 O-O 14.Kh1 Qb8 15.Qd2 Rfe8 16.Rc2 Bd8
17.Na4 Bc7 18.Bg1 h5 19.Rb1 Ba8 20.Nb2 h4 21.Nd3 h3 22.g3 Bb7 23.Be3 d5 24.Nf2
dxe4 25.f4 e5 26.Nf5 exf4 27.gxf4 Bxf4 28.Rg1 g6 29.Nxh3 Qe5 30.Nh4 Nf8 31.Nxf4
Qxf4 32.Ng2 Qe5 33.Bd4 e3 34.Qc3 Ne4 35.Bd3 Ng3+ 0-1

[Event "CAMPEONATO DE ESPAÑA ABSOLUTO"]
[Site "EL SAUZAL - TENERIFE - ISLAS CANARIAS"]
[Date "2010.09.09"]
[Round "6"]
[Board "40"]
[White "Perez Aleman, Pedro Tomas"]
[Black "Ramirez Medina, Victor"]
[Result "1-0"]
[WhiteElo "2111"]
[BlackElo "1816"]
[PlyCount "125"]
[EventDate "2010.09.04"]
[EventRounds "9"]
[EventCountry "ESP"]

1.e4 c5 2.Nf3 d6 3.c3 Nf6 4.Bd3 Nbd7 5.Bc2 b6 6.O-O Bb7 7.Re1 e6 8.d3 Be7 9.Nbd2
Qc7 10.Nf1 O-O 11.h3 Rac8 12.Bf4 Rfe8 13.g4 e5 14.Bd2 g6 15.Ng3 Nf8 16.Bb3 b5
17.c4 b4 18.Ba4 Bc6 19.Bxc6 Qxc6 20.g5 N6d7 21.Kg2 Ne6 22.h4 f6 23.a3 Qb6 24.Qa4
Rc7 25.Ne2 a5 26.axb4 axb4 27.Qa6 Qb8 28.gxf6 Nxf6 29.Nxe5 Bf8 30.Nc6 Qc8
31.Qxc8 Rexc8 32.Na7 Rd8 33.Nb5 Rf7 34.f3 Nh5 35.Ra6 Bg7 36.b3 Be5 37.Rf1 Nhf4+
38.Bxf4 Nxf4+ 39.Nxf4 Rxf4 40.Nc7 Rxh4 41.f4 Bg7 42.Kg3 Rh5 43.Ne6 Rd7 44.Nxg7
Kxg7 45.Rfa1 Kf7 46.R1a2 Rh1 47.Rh2 Rxh2 48.Kxh2 Kf6 49.Kg3 g5 50.Rxd6+ Rxd6
51.e5+ Ke6 52.exd6 gxf4+ 53.Kxf4 Kxd6 54.Ke4 Ke6 55.d4 cxd4 56.Kxd4 Kd6 57.Ke4
Ke6 58.Kf4 Kf6 59.Kg4 Kg6 60.Kh4 h5 61.Kh3 Kg5 62.Kg3 h4+ 63.Kh3 1-0

[Event "CAMPEONATO DE ESPAÑA ABSOLUTO"]
[Site "EL SAUZAL - TENERIFE - ISLAS CANARIAS"]
[Date "2010.09.09"]
[Round "6"]
[Board "41"]
[White "Bernad Millan, Ignacio"]
[Black "Garcia Gata, Jorge D"]
[Result "1/2-1/2"]
[WhiteElo "1854"]
[BlackElo "2090"]
[PlyCount "98"]
[EventDate "2010.09.04"]
[EventRounds "9"]
[EventCountry "ESP"]

1.Nf3 Nf6 2.c4 g6 3.g3 Bg7 4.Bg2 O-O 5.O-O d6 6.d4 Nbd7 7.Nc3 c6 8.e4 Qc7 9.h3
e5 10.Be3 Rd8 11.Qc2 Nf8 12.Rac1 Nh5 13.Rfd1 exd4 14.Nxd4 Ne6 15.Kh2 Nxd4
16.Bxd4 Bh6 17.Rb1 Be6 18.Ne2 c5 19.Be3 Bxe3 20.fxe3 Rab8 21.Nf4 Ng7 22.Nd5 Bxd5
23.Rxd5 Ne8 24.Qc3 Qe7 25.Rf1 Nc7 26.Rd2 Qe5 27.Qc1 h5 28.h4 Rd7 29.Rf4 Re7
30.Qf1 b5 31.Rdf2 Qg7 32.cxb5 Rxb5 33.b3 Rb4 34.Qd3 Rb6 35.Rf6 Ne8 36.R6f4 Nc7
37.Bf1 Qe5 38.Bg2 Rb4 39.Rd2 Ne8 40.Qf1 Nc7 41.Rf6 d5 42.Rdf2 dxe4 43.Rxf7 Rxf7
44.Rxf7 Rb8 45.Rf4 Nd5 46.Rxe4 Qc3 47.Re6 Nxe3 48.Qb1 Ng4+ 49.Kh3 Nf2+ 1/2-1/2

[Event "CAMPEONATO DE ESPAÑA ABSOLUTO"]
[Site "EL SAUZAL - TENERIFE - ISLAS CANARIAS"]
[Date "2010.09.09"]
[Round "6"]
[Board "42"]
[White "Marrero Cardenes, Agustin"]
[Black "Rodriguez Ferraz, Borja"]
[Result "0-1"]
[WhiteElo "1787"]
[BlackElo "2079"]
[PlyCount "108"]
[EventDate "2010.09.04"]
[EventRounds "9"]
[EventCountry "ESP"]

1.d4 Nf6 2.Nf3 d5 3.c4 c5 4.cxd5 cxd4 5.Qxd4 Qxd5 6.Nc3 Qxd4 7.Nxd4 a6 8.g3 e5
9.Nc2 Bd7 10.Bg2 Nc6 11.O-O Be7 12.Bg5 O-O-O 13.Rfd1 Be6 14.Ne3 Nd4 15.Bxf6 Bxf6
16.Ned5 Bg5 17.e3 Nf5 18.Rac1 Kb8 19.b4 Rd7 20.Nb6 Rxd1+ 21.Nxd1 Rd8 22.a4 Be7
23.b5 Bc5 24.Rxc5 Rxd1+ 25.Bf1 axb5 26.axb5 Nd6 27.Kg2 Ka7 28.Na4 Bd5+ 29.f3
Bxf3+ 30.Kxf3 Rxf1+ 31.Kg2 Ra1 32.Nc3 Rc1 33.b6+ Kb8 34.Rd5 Rxc3 35.Rxd6 Kc8
36.Kf3 Rc6 37.Rd5 Rxb6 38.Rxe5 Rd6 39.Re8+ Kc7 40.Rg8 g6 41.Rg7 Rd7 42.Rxh7 b5
43.Rh4 Kc6 44.Rb4 Kc5 45.Rb1 b4 46.h4 Kc4 47.g4 Kc3 48.h5 gxh5 49.gxh5 b3 50.Kf4
Kc2 51.Rxb3 Kxb3 52.Kg5 Rd6 53.h6 Rg6+ 54.Kh5 Rg1 0-1

[Event "CAMPEONATO DE ESPAÑA ABSOLUTO"]
[Site "EL SAUZAL - TENERIFE - ISLAS CANARIAS"]
[Date "2010.09.09"]
[Round "6"]
[Board "43"]
[White "Korneev, Svyatoslav"]
[Black "Alonso Contreras, Mario Elias"]
[Result "0-1"]
[WhiteElo "1787"]
[BlackElo "1980"]
[PlyCount "68"]
[EventDate "2010.09.04"]
[EventRounds "9"]
[EventCountry "ESP"]

1.e4 e5 2.Nf3 Nf6 3.d4 Nxe4 4.dxe5 d5 5.Nbd2 Nxd2 6.Bxd2 Be7 7.Bd3 c5 8.c3 Nc6
9.h3 Be6 10.Qc2 h6 11.Bf5 Qd7 12.Bxe6 Qxe6 13.Bf4 O-O 14.O-O Rfd8 15.Rad1 Rac8
16.Nh2 d4 17.Qb1 Qc4 18.b3 Qe6 19.Rd3 dxc3 20.Rxc3 Nd4 21.Re1 b5 22.Nf3 b4
23.Nxd4 Rxd4 24.Rf3 Rcd8 25.Be3 R4d5 26.Bf4 a5 27.Rc1 Rd4 28.Rg3 Kh8 29.Be3 Rd3
30.Bxc5 Rxg3 31.Bxe7 Rc3 32.Rxc3 bxc3 33.Bxd8 Qd5 34.Be7 Qd2 0-1

[Event "CAMPEONATO DE ESPAÑA ABSOLUTO"]
[Site "EL SAUZAL - TENERIFE - ISLAS CANARIAS"]
[Date "2010.09.09"]
[Round "6"]
[Board "44"]
[White "Perez Castellano, Susana"]
[Black "Salido Polo, Veronica"]
[Result "0-1"]
[WhiteElo "1799"]
[BlackElo "1972"]
[PlyCount "80"]
[EventDate "2010.09.04"]
[EventRounds "9"]
[EventCountry "ESP"]

1.e4 c5 2.Nf3 Nc6 3.d4 cxd4 4.Nxd4 Nf6 5.Nc3 e5 6.Ndb5 d6 7.Bg5 a6 8.Na3 b5
9.Nd5 Be7 10.Bxf6 Bxf6 11.c3 O-O 12.Nc2 Bg5 13.Bd3 Be6 14.Ncb4 Ne7 15.Nxe7+ Qxe7
16.O-O g6 17.a4 bxa4 18.Qxa4 Qb7 19.Bxa6 Qxe4 20.Qd1 Rfd8 21.Re1 Qh4 22.Bb7 Rxa1
23.Qxa1 f5 24.Qa5 Re8 25.Bd5 e4 26.Nc2 Kf8 27.Bxe6 Rxe6 28.Qd5 e3 29.fxe3 Re7
30.g3 Qa4 31.Qd2 h5 32.Nb4 Qa7 33.Nd5 Re4 34.Nf4 Kg7 35.Qf2 h4 36.Kg2 Qb7 37.Kh3
Qa8 38.Qd2 Bxf4 39.gxf4 Rxf4 40.Qg2 Rf3+ 0-1

[Event "CAMPEONATO DE ESPAÑA ABSOLUTO"]
[Site "EL SAUZAL - TENERIFE - ISLAS CANARIAS"]
[Date "2010.09.09"]
[Round "6"]
[Board "45"]
[White "Capote Robayna, Nathaniel"]
[Black "Medina Sanchez, Gines"]
[Result "1-0"]
[WhiteElo "1960"]
[BlackElo "1724"]
[PlyCount "119"]
[EventDate "2010.09.04"]
[EventRounds "9"]
[EventCountry "ESP"]

1.d4 d5 2.c4 e6 3.Nc3 Nf6 4.cxd5 exd5 5.Bg5 Be7 6.e3 Bf5 7.Bd3 Bxd3 8.Qxd3 c6
9.Nge2 O-O 10.O-O Qd7 11.f3 Na6 12.a3 Rfe8 13.e4 dxe4 14.fxe4 Nc5 15.Qf3 Ne6
16.Be3 Rf8 17.Rad1 Qc7 18.Kh1 Rad8 19.d5 Nc5 20.Nd4 Nfd7 21.Nf5 Ne5 22.Qe2 a6
23.Nxe7+ Qxe7 24.d6 Qe6 25.b4 Ncd7 26.Na4 Qc4 27.Qxc4 Nxc4 28.Bd4 Nxd6 29.Nc5
Nb5 30.Nxb7 Rb8 31.Nc5 Nxc5 32.Bxc5 Rfe8 33.Rd7 Rxe4 34.Rdxf7 Ree8 35.R7f3 Rbc8
36.a4 Nc7 37.h4 Nd5 38.h5 h6 39.Kh2 Rb8 40.Bd6 Rbc8 41.Rf7 Nf6 42.Rb7 Re6 43.Bc5
Ra8 44.Bd4 Rd6 45.Bxf6 gxf6 46.Rf3 a5 47.Rg3+ Kf8 48.Rg6 axb4 49.Rxh6 Kg8
50.Rg6+ Kh8 51.Rxb4 Ra7 52.g4 Kh7 53.Rf4 Ra5 54.Kh3 c5 55.Kh4 Rc6 56.Re4 c4
57.Re7+ Kh8 58.h6 Ra8 59.Rgg7 c3 60.Rh7+ 1-0

[Event "CAMPEONATO DE ESPAÑA ABSOLUTO"]
[Site "EL SAUZAL - TENERIFE - ISLAS CANARIAS"]
[Date "2010.09.09"]
[Round "6"]
[Board "47"]
[White "Acosta Sosa, Juan Manuel"]
[Black "Ruiz Delgado, Basilio"]
[Result "1-0"]
[WhiteElo "2007"]
[BlackElo "1735"]
[PlyCount "65"]
[EventDate "2010.09.04"]
[EventRounds "9"]
[EventCountry "ESP"]

1.c4 g6 2.g3 Bg7 3.Bg2 e5 4.Nc3 Ne7 5.e3 Nbc6 6.Nge2 d6 7.d4 exd4 8.exd4 O-O
9.O-O Bg4 10.h3 Bf5 11.a3 Qc8 12.Kh2 Re8 13.Re1 Rb8 14.Be3 a5 15.Qb3 Bd3 16.Nf4
Bf5 17.Rad1 Bd7 18.c5 dxc5 19.dxc5 Nf5 20.Bd5 Ne5 21.Bc1 Bc6 22.Ne4 Bxd5 23.Nxd5
Nd7 24.Qa4 b5 25.cxb6 Nxb6 26.Ndf6+ Bxf6 27.Nxf6+ Kf8 28.Rxe8+ Qxe8 29.Qxe8+
Rxe8 30.Nxe8 Kxe8 31.Bg5 Nd6 32.Bf4 Ne4 33.Re1 1-0

[Event "CAMPEONATO DE ESPAÑA ABSOLUTO"]
[Site "EL SAUZAL - TENERIFE - ISLAS CANARIAS"]
[Date "2010.09.09"]
[Round "6"]
[Board "48"]
[White "Jimenez Mendoza, Jose Miguel"]
[Black "Fernandez Molina, Victor Manuel"]
[Result "0-1"]
[WhiteElo "1717"]
[BlackElo "1913"]
[PlyCount "60"]
[EventDate "2010.09.04"]
[EventRounds "9"]
[EventCountry "ESP"]

1.e4 c5 2.Nf3 Nc6 3.Bb5 g6 4.d3 Bg7 5.O-O d6 6.Bxc6+ bxc6 7.c3 Nf6 8.Bg5 O-O
9.Nbd2 a5 10.Re1 Rb8 11.Rb1 Ba6 12.Nf1 h6 13.Bh4 Nd7 14.Ne3 Ne5 15.Nxe5 dxe5
16.c4 Rb7 17.Qe2 Qd7 18.Red1 Rfb8 19.f3 a4 20.Bf2 f5 21.Rd2 f4 22.Nd1 Rd8 23.b3
Bxc4 24.bxc4 Rxb1 25.Bxc5 e6 26.Kf1 Bf8 27.Bf2 Bb4 28.Rb2 Rxb2 29.Nxb2 a3 30.Bb6
axb2 0-1

[Event "CAMPEONATO DE ESPAÑA ABSOLUTO"]
[Site "EL SAUZAL - TENERIFE - ISLAS CANARIAS"]
[Date "2010.09.09"]
[Round "6"]
[Board "49"]
[White "Rodriguez Govea, Elizabeth"]
[Black "Padilla Mendez, Vicente"]
[Result "0-1"]
[WhiteElo "1479"]
[BlackElo "1792"]
[PlyCount "75"]
[EventDate "2010.09.04"]
[EventRounds "9"]
[EventCountry "ESP"]

1.e4 c5 2.Nf3 e6 3.d3 Nc6 4.g3 Nf6 5.Bg2 Be7 6.O-O O-O 7.h4 Qc7 8.Re1 d6 9.Bf4
Bd7 10.Nbd2 Rab8 11.a4 a6 12.c4 Ng4 13.Nf1 Nge5 14.N1h2 Rfd8 15.b3 b5 16.axb5
axb5 17.Nxe5 dxe5 18.Be3 Be8 19.Bf1 Nb4 20.Bd2 Nc6 21.Bc3 bxc4 22.bxc4 Nb4
23.Kh1 Bc6 24.Re3 f5 25.f3 f4 26.gxf4 exf4 27.Bxb4 cxb4 28.Re2 e5 29.h5 Be8
30.Rea2 Bc5 31.Bh3 Bd4 32.Be6+ Bf7 33.Bxf7+ Qxf7 34.Rb1 Qxh5 35.Qe2 b3 36.Rd2
Qh6 37.Qg2 Ra8 38.Qg4 0-1

[Event "CAMPEONATO DE ESPAÑA ABSOLUTO"]
[Site "EL SAUZAL - TENERIFE - ISLAS CANARIAS"]
[Date "2010.09.09"]
[Round "6"]
[Board "50"]
[White "Febles Dominguez, Alfonso Jesus"]
[Black "Rodriguez Jorge, David"]
[Result "0-1"]
[WhiteElo "1488"]
[BlackElo "1940"]
[PlyCount "106"]
[EventDate "2010.09.04"]
[EventRounds "9"]
[EventCountry "ESP"]

1.e4 c5 2.Nf3 d6 3.d4 cxd4 4.Nxd4 Nf6 5.Nc3 a6 6.h3 e5 7.Nb3 Be6 8.Be2 Be7 9.Be3
Qc7 10.Nd5 Bxd5 11.exd5 Nbd7 12.O-O b5 13.a3 Nb6 14.Bxb6 Qxb6 15.Qd2 O-O 16.c4
bxc4 17.Bxc4 Rfc8 18.Qe2 h6 19.Rac1 Nd7 20.Rc3 a5 21.Rfc1 a4 22.Na1 Rab8 23.b3
Bg5 24.R1c2 axb3 25.Rxb3 Qd4 26.Rbb2 Rxb2 27.Rxb2 Qxc4 28.Qxc4 Rxc4 29.Nc2 Bc1
30.Ra2 Nb6 31.Ne3 Bxe3 32.fxe3 Kf8 33.Rb2 Nxd5 34.Kf2 Ke7 35.Rb8 Ra4 36.Rb3 Ke6
37.g4 f5 38.gxf5+ Kxf5 39.Kf3 e4+ 40.Ke2 Nf6 41.Kd2 g5 42.Rb5+ d5 43.Rb3 h5
44.Ke2 g4 45.hxg4+ Nxg4 46.Kf1 Ne5 47.Rb8 Rxa3 48.Rf8+ Kg5 49.Rg8+ Ng6 50.Rd8
Rd3 51.Kf2 Ne5 52.Rg8+ Kh4 53.Rg3 Ng4+ 0-1

[Event "CAMPEONATO DE ESPAÑA ABSOLUTO"]
[Site "EL SAUZAL - TENERIFE - ISLAS CANARIAS"]
[Date "2010.09.09"]
[Round "6"]
[Board "51"]
[White "De La Rubia Ramirez, Dulce N"]
[Black "Rodriguez Govea, Alejandro Jose"]
[Result "1-0"]
[WhiteElo "1774"]
[BlackElo "1504"]
[PlyCount "127"]
[EventDate "2010.09.04"]
[EventRounds "9"]
[EventCountry "ESP"]

1.e4 c5 2.Nc3 Nc6 3.g3 e6 4.Bg2 g6 5.f4 Bg7 6.Nf3 Nge7 7.O-O O-O 8.d3 d6 9.Be3
a6 10.Rb1 Qc7 11.Ne2 b5 12.c3 Bb7 13.Qc2 Nb8 14.Rbd1 Nd7 15.g4 Rac8 16.Ng3 Kh8
17.h3 d5 18.e5 f6 19.exf6 Rxf6 20.Qd2 Rcf8 21.Ne2 h6 22.d4 c4 23.Ne5 Kh7 24.h4
Rh8 25.Ng3 Rff8 26.h5 Nf6 27.hxg6+ Nxg6 28.Nxg6 Kxg6 29.Qc2+ Kf7 30.Qe2 Ke7
31.Qf3 e5 32.Nf5+ Ke8 33.fxe5 Ne4 34.Qh3 Ng5 35.Nxg7+ Qxg7 36.Rxf8+ Rxf8 37.Bxg5
Qxg5 38.Qh5+ Qxh5 39.gxh5 Rf5 40.Rf1 Rxf1+ 41.Kxf1 Ke7 42.Ke2 Bc6 43.Ke3 a5
44.Bf3 a4 45.Bd1 Ke6 46.Kf4 Kf7 47.Bg4 Kg7 48.a3 Kf7 49.Bc8 Be8 50.Bf5 Ke7
51.Bg4 Bf7 52.Bf3 Ke6 53.Bg2 Bxh5 54.Bh3+ Kf7 55.Bd7 Bd1 56.Bxb5 Ke6 57.Ba6 Be2
58.Bc8+ Ke7 59.Bg4 Bf1 60.Bd1 Bh3 61.Bxa4 h5 62.Kg5 Bg4 63.Bc2 Bd7 64.Kxh5 1-0

[Event "CAMPEONATO DE ESPAÑA ABSOLUTO"]
[Site "EL SAUZAL - TENERIFE - ISLAS CANARIAS"]
[Date "2010.09.09"]
[Round "6"]
[Board "52"]
[White "Abreu Perez, Abigail"]
[Black "Monzon Aleman, Ayoze"]
[Result "0-1"]
[WhiteElo "1395"]
[BlackElo "1750"]
[PlyCount "64"]
[EventDate "2010.09.04"]
[EventRounds "9"]
[EventCountry "ESP"]

1.e4 c6 2.d4 d5 3.exd5 cxd5 4.Nc3 Nf6 5.Nf3 Bg4 6.Bg5 Ne4 7.Be3 Qa5 8.Bd2 Nxd2
9.Kxd2 e5 10.Qe2 Nc6 11.Qb5 Qxb5 12.Nxb5 Bxf3 13.gxf3 Kd7 14.Bh3+ Kd8 15.dxe5
Nxe5 16.f4 Nc4+ 17.Kc1 Bc5 18.Rd1 Bxf2 19.Rxd5+ Ke7 20.c3 Rhe8 21.Nc7 Rad8
22.Rb5 a6 23.Rb4 Be3+ 24.Kc2 Rd2+ 25.Kb3 b5 26.Rb1 Red8 27.Nxa6 Rxh2 28.Bg4 Nd2+
29.Kc2 Nxb1+ 30.Kxb1 Rdd2 31.Re4+ Kf8 32.Rxe3 Rh1+ 0-1

[Event "CAMPEONATO DE ESPAÑA ABSOLUTO"]
[Site "EL SAUZAL - TENERIFE - ISLAS CANARIAS"]
[Date "2010.09.09"]
[Round "6"]
[Board "53"]
[White "Granja Fuentes, Jorge"]
[Black "Perez Martin, Nicanor"]
[Result "1-0"]
[WhiteElo "1826"]
[BlackElo "1576"]
[PlyCount "81"]
[EventDate "2010.09.04"]
[EventRounds "9"]
[EventCountry "ESP"]

1.e4 e6 2.d4 d5 3.Nd2 Nf6 4.Bd3 c5 5.Ngf3 Nc6 6.exd5 Nxd5 7.Nb3 b6 8.Bb5 Bb7
9.Ne5 Rc8 10.Qf3 Qf6 11.Qg3 h6 12.dxc5 bxc5 13.Na5 Bd6 14.f4 Bxe5 15.fxe5 Qf5
16.Nxb7 Qe4+ 17.Kf1 Kf8 18.Nd6 Qb4 19.c3 Qa5 20.Nxc8 Qxb5+ 21.Ke1 Qc4 22.Qf3
Nxe5 23.Qe2 Nd3+ 24.Kd1 Qa4+ 25.Kd2 N5f4 26.Qf3 Qd7 27.Kc2 g5 28.Bxf4 Nxf4 29.g3
Nd5 30.Rhf1 f5 31.Nxa7 Qxa7 32.Qe2 Qa4+ 33.b3 Qc6 34.Rad1 c4 35.Qe5 Rh7 36.Rfe1
cxb3+ 37.axb3 Rc7 38.c4 Qa6 39.Kb2 Qc6 40.Qxe6 Qc5 41.Qxd5 1-0

[Event "CAMPEONATO DE ESPAÑA ABSOLUTO"]
[Site "EL SAUZAL - TENERIFE - ISLAS CANARIAS"]
[Date "2010.09.09"]
[Round "6"]
[Board "56"]
[White "Dos-Reis Cabrera, Jose Manuel"]
[Black "Garcia Lorenzo, Jaime"]
[Result "0-1"]
[WhiteElo "1360"]
[BlackElo "1319"]
[PlyCount "66"]
[EventDate "2010.09.04"]
[EventRounds "9"]
[EventCountry "ESP"]

1.e4 e6 2.d4 d5 3.exd5 exd5 4.Nf3 Nf6 5.Nc3 h6 6.Be2 Be7 7.Ne5 O-O 8.O-O c5
9.Be3 Qb6 10.Na4 Qa5 11.c3 Nbd7 12.Nd3 c4 13.b4 Qc7 14.Ne1 b5 15.Nb2 Ne4 16.Qc1
Ndf6 17.Bf4 Bd6 18.Bxd6 Qxd6 19.f3 Ng5 20.Nc2 Re8 21.Ne3 Nh3+ 22.Kh1 Nf4 23.Bd1
N6h5 24.Ng4 Bf5 25.Qd2 Re6 26.Ne5 Rae8 27.Bc2 Bxc2 28.Qxc2 f6 29.Rae1 fxe5
30.Rxe5 Rxe5 31.dxe5 Qxe5 32.g3 Qe1 33.Qf2 Qxf2 0-1

[Event "CAMPEONATO DE ESPAÑA ABSOLUTO"]
[Site "EL SAUZAL - TENERIFE - ISLAS CANARIAS"]
[Date "2010.09.10"]
[Round "7"]
[Board "1"]
[White "Magem Badals, Jordi"]
[Black "Vallejo Pons, Francisco"]
[Result "1/2-1/2"]
[WhiteElo "2589"]
[BlackElo "2697"]
[PlyCount "34"]
[EventDate "2010.09.04"]
[EventRounds "9"]
[EventCountry "ESP"]

1.e4 e6 2.d4 d5 3.Nc3 Nf6 4.e5 Nfd7 5.f4 c5 6.Nf3 Nc6 7.Be3 Qb6 8.a3 cxd4 9.Nxd4
Bc5 10.Ncb5 Nxd4 11.Bxd4 O-O 12.b4 Bxd4 13.Qxd4 a5 14.Qxb6 Nxb6 15.Nc7 Ra7
16.Nb5 Ra8 17.Nc7 Ra7 1/2-1/2

[Event "CAMPEONATO DE ESPAÑA ABSOLUTO"]
[Site "EL SAUZAL - TENERIFE - ISLAS CANARIAS"]
[Date "2010.09.10"]
[Round "7"]
[Board "3"]
[White "Moreno Ruiz, Javier"]
[Black "San Segundo Carrillo, Pablo"]
[Result "1-0"]
[WhiteElo "2491"]
[BlackElo "2511"]
[PlyCount "49"]
[EventDate "2010.09.04"]
[EventRounds "9"]
[EventCountry "ESP"]

1.c4 e5 2.Nc3 Nc6 3.Nf3 Nf6 4.d4 exd4 5.Nxd4 Bb4 6.g3 Bxc3+ 7.bxc3 Ne5 8.f4 Ng6
9.Bg2 O-O 10.O-O Re8 11.Qc2 d6 12.e4 Bd7 13.Bd2 Qc8 14.Rfe1 Rb8 15.Rab1 Bh3
16.Bh1 Nf8 17.f5 N8d7 18.Ne2 Ne5 19.Nf4 Bg4 20.Rf1 Nxc4 21.Bc1 g5 22.h3 Bxf5
23.exf5 gxf4 24.Bxf4 Na3 25.Qc1 1-0

[Event "CAMPEONATO DE ESPAÑA ABSOLUTO"]
[Site "EL SAUZAL - TENERIFE - ISLAS CANARIAS"]
[Date "2010.09.10"]
[Round "7"]
[Board "5"]
[White "Alonso Rosell, Alvar"]
[Black "Pena Gomez, Manuel"]
[Result "1/2-1/2"]
[WhiteElo "2485"]
[BlackElo "2419"]
[PlyCount "41"]
[EventDate "2010.09.04"]
[EventRounds "9"]
[EventCountry "ESP"]

1.d4 Nf6 2.c4 c5 3.d5 e6 4.Nc3 exd5 5.cxd5 d6 6.Nf3 g6 7.g3 Bg7 8.Bg2 O-O 9.O-O
Na6 10.h3 Nc7 11.a4 b5 12.axb5 Bd7 13.Nd2 Nxb5 14.Nc4 Re8 15.Bd2 Nxc3 16.Bxc3
Bb5 17.Qb3 a6 18.Rfe1 Ne4 19.Bxg7 Kxg7 20.Qc2 f5 21.Nd2 1/2-1/2

[Event "CAMPEONATO DE ESPAÑA ABSOLUTO"]
[Site "EL SAUZAL - TENERIFE - ISLAS CANARIAS"]
[Date "2010.09.10"]
[Round "7"]
[Board "6"]
[White "Sanchez Aller, Fernando"]
[Black "Herraiz Hidalgo, Herminio"]
[Result "1/2-1/2"]
[WhiteElo "2323"]
[BlackElo "2480"]
[PlyCount "92"]
[EventDate "2010.09.04"]
[EventRounds "9"]
[EventCountry "ESP"]

1.e4 e6 2.d4 d5 3.Nc3 Nf6 4.Bg5 Bb4 5.e5 h6 6.Bd2 Bxc3 7.bxc3 Ne4 8.Qg4 Kf8 9.h4
c5 10.Bd3 Nxd2 11.Kxd2 c4 12.Be2 Nc6 13.Rh3 b5 14.a3 a5 15.Rf3 Bd7 16.Nh3 Ne7
17.Nf4 Nf5 18.Rb1 Rb8 19.g3 Qe7 20.Nh5 Rg8 21.Qf4 b4 22.Ke1 b3 23.Qc1 Ba4 24.Bf1
Rb6 25.Kd2 Qb7 26.cxb3 Rxb3 27.Rxb3 Qxb3 28.Bh3 Qa2+ 29.Ke1 Qc2 30.Qxc2 Bxc2
31.Bxf5 exf5 32.Re3 Ke7 33.Nf4 Rd8 34.Re2 g5 35.hxg5 hxg5 36.Rxc2 gxf4 37.Rb2
fxg3 38.fxg3 Rh8 39.Rb5 Rh1+ 40.Ke2 Rc1 41.Rxd5 Rxc3 42.Rxa5 Rxg3 43.d5 f4
44.Ra7+ Ke8 45.Ra8+ Kd7 46.Ra7+ Ke8 1/2-1/2

[Event "CAMPEONATO DE ESPAÑA ABSOLUTO"]
[Site "EL SAUZAL - TENERIFE - ISLAS CANARIAS"]
[Date "2010.09.10"]
[Round "7"]
[Board "7"]
[White "Recuero Guerra, David"]
[Black "Argandona Riveiro, Inigo"]
[Result "1-0"]
[WhiteElo "2457"]
[BlackElo "2408"]
[PlyCount "99"]
[EventDate "2010.09.04"]
[EventRounds "9"]
[EventCountry "ESP"]

1.d4 d6 2.c4 g6 3.Nf3 Bg7 4.g3 f5 5.Bg2 Nf6 6.O-O O-O 7.b3 a5 8.Bb2 Qe8 9.Nc3 h6
10.d5 Na6 11.Nd4 Bd7 12.e4 c5 13.dxc6 bxc6 14.exf5 gxf5 15.Qf3 Nc5 16.Nxf5 Bxf5
17.Qxf5 Nfe4 18.Qg4 h5 19.Qxg7+ Kxg7 20.Nxe4+ Kg8 21.Nxc5 dxc5 22.Rae1 Qd7
23.Re5 Rf5 24.Bxc6 Qxc6 25.Rxf5 a4 26.Rxh5 axb3 27.axb3 Ra2 28.Bc1 Qf3 29.Rg5+
Kf7 30.Be3 Re2 31.Rxc5 Ke6 32.Rd5 Rxe3 33.fxe3 Qxe3+ 34.Rf2 Qxb3 35.Re2+ Kf6
36.Rde5 Qxc4 37.Rxe7 Qd4+ 38.R7e3 Kg5 39.Kg2 Qd5+ 40.Rf3 Kh5 41.Ref2 Kg5 42.h3
Kg6 43.Kh2 Qd1 44.Rf6+ Kg7 45.R6f4 Kg6 46.Rf6+ Kg7 47.R6f5 Kg6 48.h4 Qe1 49.g4
Qe4 50.Rf7 1-0

[Event "CAMPEONATO DE ESPAÑA ABSOLUTO"]
[Site "EL SAUZAL - TENERIFE - ISLAS CANARIAS"]
[Date "2010.09.10"]
[Round "7"]
[Board "8"]
[White "Larino Nieto, David"]
[Black "Fernandez Losada, Daniel"]
[Result "1-0"]
[WhiteElo "2451"]
[BlackElo "2126"]
[PlyCount "89"]
[EventDate "2010.09.04"]
[EventRounds "9"]
[EventCountry "ESP"]

1.e4 c5 2.Nc3 Nc6 3.g3 g6 4.Bg2 Bg7 5.d3 e6 6.Be3 d6 7.f4 Nge7 8.Nf3 O-O 9.O-O
Rb8 10.Bf2 b5 11.a3 Qc7 12.Kh1 a5 13.a4 bxa4 14.Nxa4 Rd8 15.g4 Nd4 16.Nd2 f5
17.c3 Ndc6 18.gxf5 exf5 19.Re1 d5 20.e5 d4 21.Nxc5 Rxb2 22.cxd4 Nxd4 23.Rc1 Qb8
24.Bh4 Qb4 25.Rc4 Rxd2 26.Qc1 Rc2 27.Rxb4 Rxc1 28.Rxc1 axb4 29.Bxe7 Re8 30.Bd5+
Kh8 31.Bd6 g5 32.Bf7 Rd8 33.Be7 Ne2 34.Bxd8 Nxc1 35.e6 Bxe6 36.Bxe6 gxf4 37.Kg2
h6 38.Kf3 Be5 39.Ba5 b3 40.Bxb3 Bd6 41.Bd2 Bxc5 42.Bxc1 Kg7 43.Bb2+ Kg6 44.Be5
h5 45.Be6 1-0

[Event "CAMPEONATO DE ESPAÑA ABSOLUTO"]
[Site "EL SAUZAL - TENERIFE - ISLAS CANARIAS"]
[Date "2010.09.10"]
[Round "7"]
[Board "9"]
[White "Fernandez Garcia, Jose Miguel"]
[Black "Narciso Dublan, Marc"]
[Result "0-1"]
[WhiteElo "2237"]
[BlackElo "2553"]
[PlyCount "106"]
[EventDate "2010.09.04"]
[EventRounds "9"]
[EventCountry "ESP"]

1.c4 b6 2.Nc3 Bb7 3.d4 e6 4.a3 d5 5.cxd5 exd5 6.Bf4 Bd6 7.Nh3 Nf6 8.Rc1 c5 9.e3
O-O 10.Be2 Bxf4 11.Nxf4 cxd4 12.exd4 Nc6 13.O-O Qd6 14.g3 Rad8 15.Bf3 Ne7 16.Nb5
Qb8 17.Re1 Nf5 18.Re5 g6 19.Qd3 Nd6 20.Bxd5 Nxd5 21.Nxd5 Nxb5 22.Qxb5 Qd6
23.Ne7+ Kg7 24.Nc6 Rc8 25.d5 Qxe5 26.Nxe5 Rxc1+ 27.Kg2 Rd8 28.f3 Rc2+ 29.Kh3
Rxd5 30.Qe8 Bc8+ 31.g4 Be6 32.Nc6 h5 33.Nb4 hxg4+ 34.Kg3 Rc8 35.Qa4 Rd7 36.Nc6
gxf3 37.Nd4 Rd6 38.Nxf3 Rd3 39.Qe4 Rcd8 40.Kf2 R8d5 41.h4 Rd1 42.Ke2 Bf5 43.Qf4
Rb1 44.Qb4 Bd3+ 45.Ke3 Rc1 46.Nd4 Rc4 47.Ne6+ Kf6 48.Qf8 Re4+ 49.Kd2 Rxe6
50.Qh8+ Ke7 51.Qb8 Bf5+ 52.Kc3 Re3+ 53.Kc4 Be6 0-1